00385pam a2200157a 44500008004100000020002400041082001600065100002400081245002200105250001200127260003200139300001700171502000900188906001100197999001900208230405s2009 xxu||||| |||| 00| 0 eng d a8180611698cRs. 925 a610.73bBAS aBasavanthappa, B.T. aNursing Education a2nd Ed. aNew DelhibJaypee Pubc2009 axvi + 993 p. atext a002140 c250786d250786